Cours de Chimie (Record no. 35285)

MARC details
000 -LEADER
campo de control de longitud fija 00480nam a2200157 i 4500
001 - NÚMERO DE CONTROL
campo de control 35285
003 - IDENTIFICADOR DE NÚMERO DE CONTROL
campo de control ES-MaACL
007 - CAMPO FIJO DE DESCRIPCIÓN FÍSICA--INFORMACIÓN GENERAL
campo de control de longitud fija t|
008 - DATOS DE LONGITUD FIJA--INFORMACIÓN GENERAL
campo de control de longitud fija 030212s1922 fr ||||1| fre d
100 1# - ENTRADA PRINCIPAL--NOMBRE DE PERSONA
Nombre de persona Boll, Marcel.
9 (RLIN) 29975
245 10 - MENCIÓN DEL TÍTULO
Título Cours de Chimie
Resto del título : (metaux et cations) /
Mención de responsabilidad, etc. par Marcel Boll et Georges Allard.
260 ## - PUBLICACIÓN, DISTRIBUCIÓN, ETC.
Lugar de publicación, distribución, etc. París :
Nombre del editor, distribuidor, etc. [s.n.,
Fecha de publicación, distribución, etc. 1922] (
Lugar de fabricación/manufactura Tours :
Fabricante Imp. Desles Pére)
300 ## - DESCRIPCIÓN FÍSICA
Extensión XXI, 352 p. ;
Dimensiones 21 cm.
700 1# - ENTRADA AGREGADA--NOMBRE PERSONAL
Nombre de persona Allard, Georges.
9 (RLIN) 19959
852 ## - LOCALIZACIÓN
Ubicación ES-MaACL
Número de control de estantería B-5979
Holdings
Estatus retirado Estado de pérdida Estado de daño No para préstamo Biblioteca de origen Biblioteca actual Ubicación en estantería Fecha de adquisición Fuente de adquisición Total de préstamos Signatura topográfica completa Código de barras Visto por última vez Precio de reemplazo Tipo de ítem Koha
        Biblioteca del Ateneo de Madrid Biblioteca del Ateneo de Madrid Sala Pardo Bazán 17/01/2008     B-5979 1036913 23/02/2023 23/02/2023 Libro impreso